The effectiveness of Fuzi in combination with routine heart failure treatment on chronic heart failure patients

Elmentve itt :
Bibliográfiai részletek
Szerzők: Tai Chi-Jung
El-Shazly Mohamed
Yang Yi-Hsin
Tsai Yi-Hong
Csupor Dezső
Hohmann Judit
Wu Yang-Chang
Tseng Tzyy-Guey
Chang Fang-Rong
Wang Hui- Chun
Dokumentumtípus: Cikk
Megjelent: 2022
Sorozat:JOURNAL OF ETHNOPHARMACOLOGY 289
Tárgyszavak:
doi:10.1016/j.jep.2022.115040

mtmt:32650354
Online Access:http://publicatio.bibl.u-szeged.hu/23588
LEADER 01111nab a2200313 i 4500
001 publ23588
005 20240101060006.0
008 220214s2022 hu o 0|| Angol d
022 |a 0378-8741 
024 7 |a 10.1016/j.jep.2022.115040  |2 doi 
024 7 |a 32650354  |2 mtmt 
040 |a SZTE Publicatio Repozitórium  |b hun 
041 |a Angol 
100 1 |a Tai Chi-Jung 
245 1 4 |a The effectiveness of Fuzi in combination with routine heart failure treatment on chronic heart failure patients  |h [elektronikus dokumentum] /  |c  Tai Chi-Jung 
260 |c 2022 
300 |a Terjedelem: 9-Azonosító: 115040 
490 0 |a JOURNAL OF ETHNOPHARMACOLOGY  |v 289 
650 4 |a Általános orvostudomány 
700 0 2 |a El-Shazly Mohamed  |e aut 
700 0 2 |a Yang Yi-Hsin  |e aut 
700 0 2 |a Tsai Yi-Hong  |e aut 
700 0 2 |a Csupor Dezső  |e aut 
700 0 2 |a Hohmann Judit  |e aut 
700 0 2 |a Wu Yang-Chang  |e aut 
700 0 2 |a Tseng Tzyy-Guey  |e aut 
700 0 2 |a Chang Fang-Rong  |e aut 
700 0 2 |a Wang Hui- Chun  |e aut 
856 4 0 |u http://publicatio.bibl.u-szeged.hu/23588/1/1-s2.0-S0378874122000745-main.pdf  |z Dokumentum-elérés